| 000 | 01279nam a2200361 i 4500 | ||
|---|---|---|---|
| 001 | 9451 | ||
| 003 | CO-BoRNBP | ||
| 005 | 20250918221229.0 | ||
| 007 | ta | ||
| 008 | 221122s2022 ck a jr 000 f spa d | ||
| 020 | _a9789583066689 | ||
| 040 |
_aCO-BoRNBP _bspa _erda _cCO-BoRNBP |
||
| 041 | 0 | _aspa | |
| 043 | _as-ck--- | ||
| 084 | _aN ECH3 | ||
| 100 | 1 |
_aEchavarría, Albeiro _d1963- _eautor _91583 |
|
| 245 | 1 | 1 |
_a# atrapada en la red/ _cAlbeiro Echavarría |
| 246 | 3 | 2 | _anumeral atrapada en la red |
| 250 | _aEdición especial | ||
| 264 | 1 |
_aBogotá, Colombia _bPanamericana Editorial _c2022 |
|
| 300 |
_a216 páginas _bilustraciones en blanco y negro _c23 cm |
||
| 336 |
_atexto _btxt _2rdacontent |
||
| 337 |
_asin mediación _bn _2rdamedia |
||
| 338 |
_avolumen _bnc _2rdacarrier |
||
| 490 | 0 | _aPlan Nacional de Lectura y Escritura Leer es mi Cuento / Ministerio de Cultura | |
| 490 | 0 | _aNarrativa Contemporánea | |
| 521 | _aRecomendado para un público mayor de 15 años | ||
| 650 | 1 | 7 |
_aNovela juvenil colombiana _ySiglo XX _2LEMB _91584 |
| 650 | 1 | 7 |
_aLiteratura juvenil colombiana _ySiglo XX _2LEMB _91585 |
| 650 | 1 | 7 |
_aInvestigación criminal en la literatura _ySiglo XX _2LEMB _91586 |
| 650 | 1 | 7 |
_aCibernética en la literatura _2LEMB _91587 |
| 942 |
_cBKLIT _2ddc |
||
| 999 |
_c9451 _d9451 |
||